00377 a2200145 4500001000700000003000400007005001700011008004100028082001600069100002200085245005000107260004500157300001000202653001900212068835OSt20220326110959.0  a809.2bM72M1 aBrandt, George W.1 aModern theories of dramacby George W. Brandt aNew DelhibOxfrod University Pressc1998 a334p. aTheater; Drama